[Event "NED-ch 1974"]
[Site "Leeuwarden"]
[Date "1974.??.??"]
[Round "9"]
[White "Langeweg, Kick"]
[Black "Scholl, Eddie"]
[Result "0-1"]
[WhiteElo "2390"]
[BlackElo "2385"]
[PlyCount "90"]
[EventDate "1974.??.??"]
[Source "ChessBase"]
[SourceDate "1999.07.01"]

1. c4 Nf6 2. Nc3 e5 3. Nf3 Nc6 4. e3 Bb4 5. Qc2 O-O 6. Bd3 Bxc3 7. dxc3 Qe7 8.
Nd2 d6 9. O-O Nd8 10. Re1 Ne6 11. Nf1 Nc5 12. e4 Nh5 13. Ne3 Nxd3 14. Qxd3 Nf4
15. Nd5 Nxd3 16. Nxe7+ Kh8 17. Rd1 Nxc1 18. Raxc1 Be6 19. Nd5 Rac8 20. Rd2 g6
21. Rf1 Kg7 22. f3 f6 23. b3 Rf7 24. Ne3 Re8 25. Nd5 b6 26. a4 a5 27. Ne3 h5
28. Rff2 Bd7 29. Nd5 Bc6 30. Rfe2 Rd7 31. Re1 Kf7 32. Ne3 Rg8 33. Kf2 Ke6 34.
Nd5 Rdg7 35. Red1 Rd8 36. Re1 Bb7 37. Red1 Bc6 38. Re1 h4 39. Rd3 Bb7 40. Rd2
Bc6 41. Rd3 Rf8 42. Red1 Kd7 43. R3d2 f5 44. exf5 gxf5 45. f4 Bxd5 0-1

[Event "NED-ch 1974"]
[Site "Leeuwarden"]
[Date "1974.??.??"]
[Round "9"]
[White "Vogel, Jaap"]
[Black "Sosonko, Gennadi"]
[Result "1/2-1/2"]
[WhiteElo "2350"]
[BlackElo "2450"]
[PlyCount "39"]
[EventDate "1974.??.??"]
[Source "ChessBase"]
[SourceDate "1999.07.01"]

1. d4 Nf6 2. Nf3 e6 3. g3 d5 4. Bg2 Be7 5. O-O O-O 6. c4 Nbd7 7. Qc2 c6 8. Nbd2
b6 9. b3 Bb7 10. Bb2 Rc8 11. e4 c5 12. exd5 exd5 13. dxc5 dxc4 14. Nxc4 b5 15.
Ne3 Bxc5 16. Qd2 Be4 17. b4 Bb6 18. Rac1 Qe7 19. Rfe1 Rxc1 20. Qxc1 1/2-1/2

[Event "NED-ch 1974"]
[Site "Leeuwarden"]
[Date "1974.??.??"]
[Round "10"]
[White "Donner, Jan Hein"]
[Black "Vogel, Jaap"]
[Result "1-0"]
[WhiteElo "2495"]
[BlackElo "2350"]
[PlyCount "97"]
[EventDate "1974.??.??"]
[Source "ChessBase"]
[SourceDate "1999.07.01"]

1. d4 Nf6 2. c4 e6 3. Nc3 Bb4 4. e3 c5 5. Bd3 Nc6 6. Nf3 Bxc3+ 7. bxc3 d6 8. e4
e5 9. d5 Ne7 10. Nh4 h6 11. g3 g5 12. Ng2 Bh3 13. Ne3 Bd7 14. f3 Qa5 15. Qb3 h5
16. h4 gxh4 17. Rxh4 Ng6 18. Rh1 h4 19. g4 Nf4 20. Bf1 O-O-O 21. Rb1 Qc7 22.
Ng2 Nxg2+ 23. Bxg2 Rdg8 24. Rb2 Rg7 25. Bf1 Ng8 26. Rbh2 Qd8 27. Qd1 Rgh7 28.
Qc2 Qf6 29. Qf2 Ne7 30. g5 Qg7 31. Rxh4 Rxh4 32. Rxh4 Rxh4 33. Qxh4 Ng6 34. Qh6
Qg8 35. Kf2 Kc7 36. Kg3 Bc8 37. Be3 Bd7 38. Kf2 Bc8 39. Ke1 Bd7 40. Bf2 Bc8 41.
Bg3 Bd7 42. Kd2 Qd8 43. Bf2 Qg8 44. Be3 Kd8 45. f4 exf4 46. Bxf4 Kc7 47. Qh2
Nxf4 48. Qxf4 Qg7 49. Be2 1-0

[Event "NED-ch 1974"]
[Site "Leeuwarden"]
[Date "1974.??.??"]
[Round "10"]
[White "Hartoch, Rob"]
[Black "Langeweg, Kick"]
[Result "1/2-1/2"]
[WhiteElo "2370"]
[BlackElo "2390"]
[PlyCount "27"]
[EventDate "1974.??.??"]
[Source "ChessBase"]
[SourceDate "1999.07.01"]

1. e4 c5 2. Nf3 Nc6 3. d4 cxd4 4. Nxd4 Nf6 5. Nc3 d6 6. Bc4 e6 7. Bb3 Be7 8.
Be3 O-O 9. Qe2 a6 10. O-O-O Qc7 11. Rhg1 Nd7 12. g4 Nc5 13. g5 b5 14. Kb1
1/2-1/2

[Event "NED-ch 1974"]
[Site "Leeuwarden"]
[Date "1974.??.??"]
[Round "10"]
[White "Scholl, Eddie"]
[Black "Enklaar, Bert"]
[Result "1/2-1/2"]
[WhiteElo "2385"]
[BlackElo "2425"]
[PlyCount "83"]
[EventDate "1974.??.??"]
[Source "ChessBase"]
[SourceDate "1999.07.01"]

1. e4 c5 2. Nf3 e6 3. d4 cxd4 4. Nxd4 Nf6 5. Nc3 d6 6. g4 h6 7. h3 a6 8. Bg2
Bd7 9. O-O Nc6 10. Nxc6 Bxc6 11. f4 Be7 12. Qe2 Qb6+ 13. Kh2 Qc7 14. a4 Rc8 15.
Be3 Nd7 16. Kg1 e5 17. f5 Bg5 18. Rfd1 Bxe3+ 19. Qxe3 Qb6 20. Qxb6 Nxb6 21. Bf1
Ke7 22. a5 Nd7 23. Kf2 g5 24. fxg6 fxg6 25. Ke3 Rhf8 26. Bd3 Nc5 27. Rf1 Ne6
28. Ne2 Bd7 29. b4 g5 30. Rxf8 Rxf8 31. Ng3 Nf4 32. Nf5+ Bxf5 33. gxf5 Rc8 34.
c4 h5 35. Bf1 g4 36. hxg4 hxg4 37. b5 g3 38. bxa6 bxa6 39. Kf3 g2 40. Bxg2 Nxg2
41. Kxg2 Rxc4 42. Kf3 1/2-1/2

[Event "NED-ch 1974"]
[Site "Leeuwarden"]
[Date "1974.??.??"]
[Round "10"]
[White "Sosonko, Gennadi"]
[Black "Baljon, Christofoor"]
[Result "1/2-1/2"]
[WhiteElo "2450"]
[BlackElo "2210"]
[PlyCount "66"]
[EventDate "1974.??.??"]
[Source "ChessBase"]
[SourceDate "1999.07.01"]

1. Nf3 Nf6 2. g3 g6 3. Bg2 Bg7 4. O-O O-O 5. d4 d6 6. a4 a5 7. Nc3 c6 8. e4 Qc7
9. h3 Na6 10. Be3 Nb4 11. Nd2 Rb8 12. Na2 b6 13. Nxb4 axb4 14. c4 bxc3 15. bxc3
Ba6 16. Re1 e5 17. Qc2 Nd7 18. Rab1 Ra8 19. dxe5 dxe5 20. Rb2 Rfb8 21. Bf1 Bf8
22. Nc4 Bc5 23. Bh6 Bf8 24. Be3 Bc5 25. Bg5 Ra7 26. Ra2 Rba8 27. Rea1 Qc8 28.
h4 Qe8 29. Qb3 Qe6 30. Nd2 Qg4 31. c4 Bd4 32. Rb1 Nc5 33. Qf3 Qxf3 1/2-1/2

[Event "NED-ch 1974"]
[Site "Leeuwarden"]
[Date "1974.??.??"]
[Round "11"]
[White "Baljon, Christofoor"]
[Black "Donner, Jan Hein"]
[Result "1-0"]
[WhiteElo "2210"]
[BlackElo "2495"]
[PlyCount "67"]
[EventDate "1974.??.??"]
[Source "ChessBase"]
[SourceDate "1999.07.01"]

1. e4 d6 2. d4 Nf6 3. Nc3 g6 4. Nf3 Bg7 5. Be2 O-O 6. O-O c6 7. a4 a5 8. Be3
Qc7 9. Nd2 Na6 10. f4 Nb4 11. Rf2 Rd8 12. Rc1 e5 13. dxe5 dxe5 14. Qf1 exf4 15.
Bxf4 Qe7 16. Bg5 Qc5 17. Bxf6 Rxd2 18. e5 Bf5 19. g4 Bxc2 20. Ne4 Qd4 21. Nxd2
Qxd2 22. Bxg7 Kxg7 23. Rxf7+ Kg8 24. Rf2 Qd4 25. Kh1 Be4+ 26. Kg1 Bd5 27. Rd1
Qxe5 28. Bc4 Qg5 29. Bxd5+ Nxd5 30. Qc4 Re8 31. Rdf1 Qe3 32. Kh1 Re4 33. Rf8+
Kg7 34. g5 1-0

[Event "NED-ch 1974"]
[Site "Leeuwarden"]
[Date "1974.??.??"]
[Round "11"]
[White "Enklaar, Bert"]
[Black "Hartoch, Rob"]
[Result "1-0"]
[WhiteElo "2425"]
[BlackElo "2370"]
[PlyCount "81"]
[EventDate "1974.??.??"]
[Source "ChessBase"]
[SourceDate "1999.07.01"]

1. e4 g6 2. d4 Bg7 3. Nc3 d6 4. Be3 c6 5. Qd2 b5 6. f3 Nd7 7. Nh3 Nb6 8. Nf2
Nc4 9. Bxc4 bxc4 10. O-O Nf6 11. Rab1 O-O 12. Bh6 Ne8 13. Bxg7 Nxg7 14. Ne2 Qc7
15. Qc3 a5 16. Rfe1 d5 17. Nd1 Be6 18. Ne3 f5 19. exf5 gxf5 20. g3 Bf7 21. b3
c5 22. bxc4 cxd4 23. Nxd4 e5 24. Nb5 Qb6 25. Qxe5 f4 26. Qxf4 Rad8 27. Nd4 Qc5
28. Rb5 Qa3 29. Nef5 Qc3 30. Qe5 Nxf5 31. Nxf5 Qxe5 32. Rxe5 dxc4 33. Nh6+ Kg7
34. Nxf7 Rxf7 35. Kf2 Rfd7 36. Rbc5 Rb8 37. Rxc4 Rb2 38. a4 Rd2+ 39. Re2 Rd1
40. f4 h5 41. Kf3 1-0

[Event "NED-ch 1974"]
[Site "Leeuwarden"]
[Date "1974.??.??"]
[Round "11"]
[White "Langeweg, Kick"]
[Black "Van Dop, Arend"]
[Result "1/2-1/2"]
[WhiteElo "2390"]
[BlackElo "2340"]
[PlyCount "41"]
[EventDate "1974.??.??"]
[Source "ChessBase"]
[SourceDate "1999.07.01"]

1. Nf3 Nf6 2. c4 g6 3. Nc3 d5 4. cxd5 Nxd5 5. g3 Bg7 6. Bg2 Nb6 7. d3 O-O 8.
Be3 h6 9. O-O Nc6 10. Qc1 Kh7 11. Rd1 e5 12. Bc5 Re8 13. e3 Nd7 14. Ba3 Nf8 15.
b4 a6 16. b5 axb5 17. Nxb5 Ra5 18. Rb1 Bf5 19. Qd2 Ra6 20. Ne1 Qd7 21. Bc1
1/2-1/2

[Event "NED-ch 1974"]
[Site "Leeuwarden"]
[Date "1974.??.??"]
[Round "11"]
[White "Ligterink, Gert"]
[Black "Timman, Jan"]
[Result "1/2-1/2"]
[WhiteElo "2360"]
[BlackElo "2540"]
[PlyCount "32"]
[EventDate "1974.??.??"]
[Source "ChessBase"]
[SourceDate "1999.07.01"]

1. e4 g6 2. d4 d6 3. Nc3 Bg7 4. Nf3 a6 5. a4 Bg4 6. Be2 Nc6 7. Be3 e5 8. dxe5
dxe5 9. Qxd8+ Rxd8 10. Nd5 Rd7 11. c3 Be6 12. Rd1 h6 13. Bc4 Nce7 14. O-O Bxd5
15. Bxd5 Nxd5 16. Rxd5 Ne7 1/2-1/2

[Event "NED-ch 1974"]
[Site "Leeuwarden"]
[Date "1974.??.??"]
[Round "11"]
[White "Ree, Hans"]
[Black "Sosonko, Gennadi"]
[Result "1/2-1/2"]
[WhiteElo "2425"]
[BlackElo "2450"]
[PlyCount "31"]
[EventDate "1974.??.??"]
[Source "ChessBase"]
[SourceDate "1999.07.01"]

1. Nf3 Nf6 2. c4 c5 3. Nc3 Nc6 4. d4 cxd4 5. Nxd4 g6 6. e4 Nxd4 7. Qxd4 d6 8.
Be3 Bg7 9. f3 O-O 10. Qd2 Qa5 11. Rc1 Bd7 12. Bd3 Rfc8 13. b3 a6 14. Nd5 Qxd2+
15. Kxd2 Nxd5 16. cxd5 1/2-1/2

[Event "NED-ch 1974"]
[Site "Leeuwarden"]
[Date "1974.??.??"]
[Round "11"]
[White "Vogel, Jaap"]
[Black "Scholl, Eddie"]
[Result "1-0"]
[WhiteElo "2350"]
[BlackElo "2385"]
[PlyCount "76"]
[EventDate "1974.??.??"]
[Source "ChessBase"]
[SourceDate "1999.07.01"]

1. d4 Nf6 2. Nf3 g6 3. g3 Bg7 4. Bg2 O-O 5. O-O d5 6. c4 dxc4 7. Na3 Nc6 8.
Nxc4 Be6 9. b3 Bd5 10. Bb2 a5 11. a4 Nb4 12. Rc1 Na2 13. Ra1 Nb4 14. e3 c6 15.
Qe2 Be4 16. Ne1 Bxg2 17. Kxg2 Ne4 18. f3 Nd6 19. Nd3 Nxd3 20. Qxd3 c5 21. Nxd6
exd6 22. Rad1 Re8 23. Rf2 Rc8 24. e4 Qb6 25. dxc5 dxc5 26. Bxg7 Kxg7 27. Qc3+
Kg8 28. Rd7 Red8 29. Rfd2 Rxd7 30. Rxd7 Qc6 31. Qd3 b6 32. Rd6 Qc7 33. Qd5 Rf8
34. h4 Qe7 35. e5 Rb8 36. f4 Kf8 37. Rd7 Qe8 38. h5 Qe6 1-0